| 000 | 01187nam a2200265 a 4500 | ||
|---|---|---|---|
| 001 | 41312 | ||
| 003 | BD-RjUL | ||
| 005 | 20211209053350.0 | ||
| 008 | 160528s1974 bg ||||| |||| 00| 0 ben d | ||
| 020 | _c: Tk 2.00 | ||
| 035 | _a(BD-RjUL)41429 | ||
| 040 |
_aBD-RjUL _bben _cBD-RjUL _dBD-RjUL |
||
| 041 | _aben | ||
| 082 |
_223 _a891.44092 _bAMA 1974 |
||
| 245 | 0 | 0 |
_aআমাদের লেখক পাসঙ্গিক তথ্যাবলী / _cমোহাম্মদ মনিরুজ্জামান সম্পাদক |
| 250 | _a২য় সং. | ||
| 260 |
_aঢাকা : _bবাংলা একাডেমী, _c১৯৭৪ |
||
| 300 |
_a৯২ পৃ. ; _c২১ সেমি. |
||
| 650 |
_aলেখক, বাংলা _zবাংলাদেশ _xজীবনী _9120100 |
||
| 650 |
_aAuthors, Bengali _zBangladesh _xBiography _9123370 |
||
| 700 |
_aমনিরুজ্জামান, মোহাম্মদ, সম্পাদক _9123234 |
||
| 700 |
_aখান, শামসুজ্জামান, সম্পাদক _9120601 |
||
| 700 |
_aইসলাম, আজহার, সম্পাদক _9127070 |
||
| 942 |
_2ddc _cBK |
||
| 999 |
_c41312 _d41312 |
||